Toán kinh tế
Giới thiệu những bài toán quy hoạch tuyến tính và phương pháp đơn hình; những bài toán quy hoạch tuyến tính đối ngẫu, toán vận tải, toán sản xuất đồng bộ
Đã lưu trong:
| Tác giả chính: | |
|---|---|
| Định dạng: | Sách |
| Năm xuất bản: |
H.
Thống kê
1993
|
| Chủ đề: | |
| Tags: |
Thêm thẻ
Không có thẻ, Hãy là người đầu tiên gắn thẻ bản ghi này!
|
| LEADER | 00708nam a2200157 4500 | ||
|---|---|---|---|
| 082 | |a 330.0151 |b PH104Đ | ||
| 100 | |a Phạm Đình Hùng | ||
| 245 | |a Toán kinh tế |c Phạm Đình Hùng | ||
| 260 | |a H. |b Thống kê |c 1993 | ||
| 300 | |a 265 tr. |c 19 cm | ||
| 520 | |a Giới thiệu những bài toán quy hoạch tuyến tính và phương pháp đơn hình; những bài toán quy hoạch tuyến tính đối ngẫu, toán vận tải, toán sản xuất đồng bộ | ||
| 653 | |a Kinh tế | ||
| 653 | |a toán kinh tế | ||
| 942 | |2 ddc |c SH | ||
| 999 | |c 9800 |d 9800 | ||
| 952 | |0 0 |1 0 |2 ddc |4 0 |6 330_015100000000000_PH104Đ |7 0 |8 300 |9 77432 |a qbu |b qbu |c D2 |d 2015-06-11 |g 12000 |o 330.0151 PH104Đ |p 9420.c1 |r 0000-00-00 |w 2015-06-11 |y SH | ||